PHYSIOLOGICAL PLANT PATHOLOGY (Record no. 6944)

MARC details
000 -LEADER
fixed length control field 00454nam a2200157Ia 4500
022 ## - INTERNATIONAL STANDARD SERIAL NUMBER
ISSN 0048-4059
245 #0 - TITLE STATEMENT
Title PHYSIOLOGICAL PLANT PATHOLOGY
246 ## - VARYING FORM OF TITLE
Title proper/short title Physiological and Molecular Plant Pathology
260 ## - PUBLICATION, DISTRIBUTION, ETC. (IMPRINT)
Name of publisher Academic Press, London
Place of publication UK
310 ## - CURRENT PUBLICATION FREQUENCY
Current publication frequency BM
500 ## - GENERAL NOTE
General note Ending Volume & Year: 27, 1985
500 ## - GENERAL NOTE
General note Missing Volume: 7;26(2)
500 ## - GENERAL NOTE
General note Starting Volume & Year: 2, 1972
942 ## - ADDED ENTRY ELEMENTS (KOHA)
Koha item type Bound Journal
Holdings
Withdrawn status Lost status Damaged status Not for loan Home library Current library Date acquired Accession Number Koha item type
      Bound journals RRII Library RRII Library 31/12/2021 06904J Bound Journal